000
00215nam a2200097Ia 4500
008
230907s9999||||xx |||||||||||||| ||und||
082
_a
323
_b
HUM
245
0
_a
Human security /
300
_a
4 volumes ;
942
_c
BK
999
_c
600732
_d
600732